[Event "Brazil AXPG op 1st"]
[Site "Ponta Grossa"]
[Date "2017.10.27"]
[Round "2"]
[White "Acosta, Pablo Ismael"]
[Black "Salata, Arthur"]
[Result "1-0"]
[WhiteElo "1954"]
[BlackElo "1349"]
[PlyCount "73"]
[EventDate "2017.10.26"]
[EventType "swiss"]
[EventRounds "7"]
[EventCountry "BRA"]
[SourceTitle "CBM 181 Extra"]
[Source "ChessBase"]
[SourceDate "2017.12.12"]
[SourceVersion "1"]
[SourceVersionDate "2017.12.12"]
[SourceQuality "1"]

1. e4 e5 2. Nf3 Nc6 3. Bc4 Bc5 4. b4 Nxb4 5. d4 exd4 6. 0-0 Nc6 7. c3 dxc3 8. Bxf7+ Kxf7 9. Qd5+ Ke8 10. Qh5+ g6 11. Qxc5 Nf6 12. e5 Ne4 13. Qd5 c2 14. Na3 Nc3 15. Qc4 b5 16. Qxc3 b4 17. Qxc2 bxa3 18. e6 dxe6 19. Qxc6+ Bd7 20. Qc3 Rf8 21. Bg5 Rxf3 22. Qxf3 Qxg5 23. Qxa8+ Ke7 24. Qxa7 Kd8 25. Rad1 Qe5 26. Qa4 Qg7 27. Rxd7+ Qxd7 28. Rd1 Qxd1+ 29. Qxd1+ Kc8 30. f4 Kb8 31. Kf2 Kc8 32. Ke3 c6 33. Qd6 Kb7 34. Kd4 Kb6 35. Qd7 Ka6 36. Kc5 Ka5 37. Qa7# 1-0

[Event "Brazil AXPG op 1st"]
[Site "Ponta Grossa"]
[Date "2017.10.27"]
[Round "3"]
[White "Salata, Arthur"]
[Black "Lahoz, Cassiano Ricardo Ne"]
[Result "0-1"]
[WhiteElo "1349"]
[BlackElo "1824"]
[PlyCount "120"]
[EventDate "2017.10.26"]
[EventType "swiss"]
[EventRounds "7"]
[EventCountry "BRA"]
[SourceTitle "CBM 181 Extra"]
[Source "ChessBase"]
[SourceDate "2017.12.12"]
[SourceVersion "1"]
[SourceVersionDate "2017.12.12"]
[SourceQuality "1"]

1. d4 d5 2. c4 c6 3. Nc3 Nf6 4. Bg5 e6 5. Nf3 Be7 6. e3 0-0 7. Qc2 Nbd7 8. Bd3 dxc4 9. Bxc4 c5 10. h4 cxd4 11. exd4 Re8 12. h5 Nd5 13. Bxe7 Qxe7 14. 0-0-0 Nxc3 15. Qxc3 Nb6 16. Bd3 Bd7 17. Kb1 Rec8 18. Qd2 Nd5 19. g4 Bc6 20. Be4 Qb4 21. Qxb4 Nxb4 22. Bxc6 Rxc6 23. Ne5 Rc7 24. f4 f6 25. Nf3 Rac8 26. a3 Nd5 27. g5 Nxf4 28. gxf6 gxf6 29. Rhg1+ Rg7 30. Rgf1 Nxh5 31. Rh1 Nf4 32. Rh4 Nd5 33. Re1 Kf7 34. Rf1 Ke7 35. Re4 Kd6 36. Rfe1 Re8 37. Nd2 Rc7 38. b3 Nc3+ 39. Kb2 Nxe4 40. Nxe4+ Ke7 41. Nc3 Rec8 42. Nd5+ Kd6 43. Nxc7 Rxc7 44. b4 Kd5 45. Kb3 h5 46. Rh1 Kxd4 47. Rxh5 e5 48. Rh6 f5 49. Rf6 f4 50. Rh6 f3 51. Rh1 f2 52. Rf1 Ke3 53. Rd1 Ke2 54. Rd5 f1Q 55. Rxe5+ Kd3 56. Rd5+ Ke4 57. Ra5 Qd1+ 58. Ka2 Rc2+ 59. Kb3 Rc1+ 60. Kb2 Qc2# 0-1

[Event "Curitiba IEP&Copel op"]
[Site "Curitiba"]
[Date "2017.05.12"]
[Round "1"]
[White "Souza, Gustavo Horokoski"]
[Black "Salata, Arthur"]
[Result "1-0"]
[WhiteElo "1983"]
[BlackElo "1395"]
[PlyCount "61"]
[EventDate "2017.05.12"]
[EventType "swiss"]
[EventRounds "6"]
[EventCountry "BRA"]
[SourceTitle "CBM 178 Extra"]
[Source "ChessBase"]
[SourceDate "2017.06.22"]
[SourceVersion "1"]
[SourceVersionDate "2017.06.22"]
[SourceQuality "1"]

1. d4 d5 2. c4 e6 3. Nc3 Nf6 4. cxd5 exd5 5. Bg5 Nbd7 6. e3 Be7 7. Bd3 c6 8. Qc2 h6 9. Bh4 Rb8 10. Bg3 Ra8 11. f3 Nh5 12. Bf2 Nhf6 13. Nge2 0-0 14. 0-0 Qe8 15. e4 Qd8 16. e5 Ne8 17. f4 Nc7 18. f5 Bg5 19. Rae1 Nb6 20. Ng3 Nc4 21. Re2 Nb6 22. Be3 Bxe3+ 23. Rxe3 Qg5 24. Ref3 Qe7 25. f6 gxf6 26. Rxf6 Ne8 27. Qd2 Nxf6 28. exf6 Qb4 29. Nce2 Nc4 30. Qxh6 Qd6 31. Qg7# 1-0

[Event "Caioba Telecom op"]
[Site "Caioba"]
[Date "2016.08.28"]
[Round "5"]
[White "Carvalho Neto, Joao Francisco"]
[Black "Salata, Arthur"]
[Result "1-0"]
[WhiteElo "1800"]
[BlackElo "1789"]
[PlyCount "81"]
[EventDate "2016.08.26"]
[EventType "swiss"]
[EventRounds "6"]
[EventCountry "BRA"]
[SourceTitle "CBM 174 Extra"]
[Source "ChessBase"]
[SourceDate "2016.10.10"]
[SourceVersion "1"]
[SourceVersionDate "2016.10.10"]
[SourceQuality "1"]

1. d4 d5 2. c4 e6 3. Nc3 Nf6 4. Bf4 Bd6 5. Bxd6 Qxd6 6. c5 Qd8 7. Nf3 0-0 8. e3 Nbd7 9. Bd3 b6 10. cxb6 axb6 11. Qc2 Re8 12. 0-0 Nf8 13. Nb5 Ra5 14. Qxc7 Qxc7 15. Nxc7 Rd8 16. Nb5 Ba6 17. a4 Ra8 18. b4 Bxb5 19. Bxb5 Rxb5 20. axb5 Rc8 21. Rfc1 Rb8 22. Ne5 Ne4 23. Rc7 Ng5 24. Raa7 f6 25. Nc6 Re8 26. Rab7 Ra8 27. Ra7 Re8 28. Rxg7+ Kh8 29. h4 Ne4 30. f3 Nd6 31. Rg3 Nxb5 32. Ne7 Ng6 33. Nxg6+ hxg6 34. Rb7 Nd6 35. Rxb6 Nc4 36. Rb7 Nd6 37. Rd7 Nf5 38. Rxg6 Rb8 39. Rxf6 Ng7 40. Rff7 Ne8 41. Rf8# 1-0

[Event "Caioba Telecom op"]
[Site "Caioba"]
[Date "2016.08.26"]
[Round "1"]
[White "Salata, Arthur"]
[Black "Stapenhorst, Matheus Frederico"]
[Result "0-1"]
[WhiteElo "1789"]
[BlackElo "1892"]
[PlyCount "86"]
[EventDate "2016.08.26"]
[EventType "swiss"]
[EventRounds "6"]
[EventCountry "BRA"]
[SourceTitle "CBM 174 Extra"]
[Source "ChessBase"]
[SourceDate "2016.10.10"]
[SourceVersion "1"]
[SourceVersionDate "2016.10.10"]
[SourceQuality "1"]

1. d4 Nf6 2. c4 g6 3. Nf3 Bg7 4. Bf4 c5 5. e3 0-0 6. Nc3 cxd4 7. exd4 d6 8. Be2 Nbd7 9. 0-0 Re8 10. Qd2 b6 11. Bh6 Bh8 12. Rad1 Bb7 13. Rfe1 Ne4 14. Nxe4 Bxe4 15. Ng5 Nf6 16. f3 Bf5 17. Bd3 Qd7 18. g4 Bxd3 19. Qxd3 d5 20. cxd5 Nxd5 21. Qc4 Rac8 22. Qb3 Qc6 23. Re5 e6 24. Re2 Qc4 25. Qxc4 Rxc4 26. Rde1 Bxd4+ 27. Kg2 Nf4+ 28. Kf1 Nxe2 29. Rxe2 Rc1+ 30. Kg2 Rb1 31. Kh3 Rxb2 32. Re1 Bg7 33. Bxg7 Kxg7 34. Ne4 Rxa2 35. g5 h6 36. Nf6 Rh8 37. Kg4 hxg5 38. Kxg5 Rg2+ 39. Kf4 Kxf6 40. Ra1 Rhxh2 41. Rxa7 e5+ 42. Ke3 Rd2 43. Rb7 Rhe2# 0-1